00734cam a2200253 a 4500001000800000005001700008008004100025010001700066020001500083020002200098035002100120035002000141035002800161040002500189041000800214042001400222043001200236080002200248082002600270100000700296101000800303245010500311504006400416398274220171215082327.0951207s1996 maua b 001 0 eng d a 95083510  a0312122497 a0312108028 (pbk.) a(MH)MHBHF36750HU a(OCoLC)34725744 a(CStRLIN)MAHGBHF36750-B aMHcMHdCStRLINdDLC aeng alccopycat ae-fr--- a323.094409033 HUN00a323.094409033 HUN221 a17 aHIS04aThe French Revolution and human rights :cedited, translated, and with an introduction by Lynn Hunt. aIncludes bibliographical references (p. 146-147) and index.